Kamikaze - Eminem - Statistics

General Stats
  • This quiz has been taken 17 times
  • The average score is 7 of 13
Answer Stats
Songs Plays Artists % Correct
Kamikaze 217,129,830 Eminem
88%
Fall 277,046,376 Eminem
75%
Lucky You 773,578,691 Eminem, Joyner Lucas
75%
Not Alike 239,964,150 Eminem, Royce Da 5'9
75%
Venom 912,349,801 Eminem
75%
Greatest 212,233,066 Eminem
63%
Nice Guy 92,301,645 Eminem, Jessie Reyez
63%
The Ringer 342,026,853 Eminem
63%
Em Calls Paul (skit) 64,711,876 Eminem
38%
Good Guy 138,189,318 Eminem, Jessie Reyez
38%
Normal 123,974,953 Eminem
38%
Paul (skit) 20,659 Eminem
25%
Stepping Stone 125,287,521 Eminem
25%
No matching quizzes found
Score Distribution
Percent of People with Each Score
Percentile by Number Answered
Your Score History
You have not taken this quiz